000 00643nam a2200229 a 4500
001 BRCA_7746
005 20190320205956.0
008 120913s1954----sz-e######---#000-0#ger-#
041 _ager
044 _asz
050 4 _aN3650
_b.K87 1954
245 1 0 _aKurzer führer durch das Schweizerische Landesmuseum in Zürich.
250 _a2
260 _aZúrich
_bSchweizerischen Landesmuseums
_c1954
300 _a64 p.
_bil., planos
_c21 cm.
500 _aU99
610 2 4 _aSchweizerisches Landesmuseum (Zúrich)
_918777
650 1 4 _aArte
_zZúrich
_918778
650 1 4 _aGalerías y museos
_zSuiza
_910728
902 _aGFM
942 _2lcc
_cB
999 _c7420
_d7420